Loading...
| Current Events | 4 | 10.00 | 75% | 25% | 0% |
| Fine Arts - Classical Music | 7 | 15.71 | 100% | 43% | 14% |
| Fine Arts - Other | 4 | 15.00 | 100% | 25% | 25% |
| Fine Arts - Painting and Sculpture | 7 | 14.29 | 100% | 29% | 14% |
| Geography | 1 | 20.00 | 100% | 100% | 0% |
| History - American | 5 | 20.00 | 100% | 80% | 20% |
| History - European | 5 | 8.00 | 80% | 0% | 0% |
| History - Other | 5 | 14.00 | 100% | 40% | 0% |
| History - World | 11 | 15.45 | 91% | 64% | 0% |
| Literature - Drama | 3 | 23.33 | 100% | 67% | 67% |
| Literature - Long Fiction | 7 | 15.71 | 86% | 57% | 14% |
| Literature - Misc | 3 | 16.67 | 100% | 33% | 33% |
| Literature - Poetry | 4 | 20.00 | 100% | 75% | 25% |
| Literature - Short Fiction | 1 | 10.00 | 100% | 0% | 0% |
| Mythology | 5 | 16.00 | 100% | 60% | 0% |
| Other Academic | 3 | 16.67 | 100% | 33% | 33% |
| Philosophy | 6 | 16.67 | 100% | 50% | 17% |
| Religion | 6 | 8.33 | 83% | 0% | 0% |
| Science - Biology | 4 | 10.00 | 100% | 0% | 0% |
| Science - Chemistry | 4 | 12.50 | 100% | 25% | 0% |
| Science - Other | 5 | 10.00 | 60% | 40% | 0% |
| Science - Physics | 6 | 10.00 | 67% | 33% | 0% |
| Short Fiction and Other | 3 | 20.00 | 100% | 67% | 33% |
| Social Science | 7 | 17.14 | 100% | 57% | 14% |